ბათუმის შოთა რუსთაველის სახელმწიფო უნივერსიტეტის ბიბლიოთეკა

Concepts of genetics / (ბიბ.ჩანაწერი № 57478)

000 -LEADER
fixed length control field 01788cam a2200433 i 4500
001 - CONTROL NUMBER
control field 20059829
005 - DATE AND TIME OF LATEST TRANSACTION
control field 20221105201851.0
008 - FIXED-LENGTH DATA ELEMENTS--GENERAL INFORMATION
fixed length control field 171012s2019 nyua 001 0 eng
010 ## - LIBRARY OF CONGRESS CONTROL NUMBER
LC control number 2017047484
020 ## - INTERNATIONAL STANDARD BOOK NUMBER
International Standard Book Number 9780134604718 (Student edition) 1
020 ## - INTERNATIONAL STANDARD BOOK NUMBER
International Standard Book Number 0134604717 (Student edition) 1
020 ## - INTERNATIONAL STANDARD BOOK NUMBER
International Standard Book Number 9780134818924 (Books á la Carte edition) 1
020 ## - INTERNATIONAL STANDARD BOOK NUMBER
International Standard Book Number 013481892X (Books á la Carte edition) 1
020 ## - INTERNATIONAL STANDARD BOOK NUMBER
International Standard Book Number 9781292265322 1
040 ## - CATALOGING SOURCE
Original cataloging agency DLC
Language of cataloging eng
Transcribing agency DLC
Description conventions rda
Modifying agency DLC
042 ## - AUTHENTICATION CODE
Authentication code pcc
050 00 - LIBRARY OF CONGRESS CALL NUMBER
Classification number QH430
Item number .K574 2019
080 ## - UNIVERSAL DECIMAL CLASSIFICATION NUMBER
Universal Decimal Classification number 575.13 C-74
082 00 - DEWEY DECIMAL CLASSIFICATION NUMBER
Classification number 572.8
Edition number 23
100 1# - MAIN ENTRY--PERSONAL NAME
Personal name Klug, William S.,
Relator term author.
9 (RLIN) 7411
245 10 - TITLE STATEMENT
Title Concepts of genetics /
Statement of responsibility, etc. William S. Klug, The College of New Jersey, Michael R. Cummings, Illinois Institute of Technology, Charlotte A. Spencer, University of Alberta, Michael A. Palladino, Monmouth University, Darrell Killian, Colorado College.
250 ## - EDITION STATEMENT
Edition statement Twelfth edition.
264 #1 - PRODUCTION, PUBLICATION, DISTRIBUTION, MANUFACTURE, AND COPYRIGHT NOTICE
Place of production, publication, distribution, manufacture NY NY :
Name of producer, publisher, distributor, manufacturer Pearson,
Date of production, publication, distribution, manufacture, or copyright notice 2019.
300 ## - PHYSICAL DESCRIPTION
Extent 1 volume (various pagings) :
Other physical details color illustrations ;
Dimensions 29 cm
336 ## - CONTENT TYPE
Content type term text
Content type code txt
Source rdacontent
337 ## - MEDIA TYPE
Media type term unmediated
Media type code n
Source rdamedia
338 ## - CARRIER TYPE
Carrier type term volume
Carrier type code nc
Source rdacarrier
500 ## - GENERAL NOTE
General note Includes index.
650 #0 - SUBJECT ADDED ENTRY--TOPICAL TERM
Topical term or geographic name entry element Genetics
Form subdivision Textbooks.
9 (RLIN) 8653
653 ## - INDEX TERM--UNCONTROLLED
keyword გენეტიკა
653 ## - INDEX TERM--UNCONTROLLED
keyword მედიცინა
700 1# - ADDED ENTRY--PERSONAL NAME
Personal name Cummings, Michael R.,
Relator term ავტორი
9 (RLIN) 7413
700 1# - ADDED ENTRY--PERSONAL NAME
Personal name Spencer, Charlotte A.,
Relator term ავტორი
9 (RLIN) 8782
700 1# - ADDED ENTRY--PERSONAL NAME
Personal name Palladino, Michael Angelo,
Relator term ავტორი
9 (RLIN) 8783
700 1# - ADDED ENTRY--PERSONAL NAME
Personal name Killian, Darrell,
Relator term ავტორი
9 (RLIN) 8784
906 ## - LOCAL DATA ELEMENT F, LDF (RLIN)
a 7
b cbc
c orignew
d 1
e ecip
f 20
g y-gencatlg
942 ## - ADDED ENTRY ELEMENTS (KOHA)
Source of classification or shelving scheme
Koha item type წიგნი
ეგზემპლარები
Withdrawn status Lost status Source of classification or shelving scheme Damaged status Not for loan Permanent Location Current Location Shelving location Date acquired Cost, normal purchase price Full call number Barcode Date last seen Copy number Price effective from Koha item type Public note
          ბათუმის შოთა რუსთაველის სახელმწიფო უნივერსიტეტის მთავარი ბიბლიოთეკა ბათუმის შოთა რუსთაველის სახელმწიფო უნივერსიტეტის მთავარი ბიბლიოთეკა წიგნსაცავი 2020-06-25 707.00 575.13 C-74 60673 2020-06-25 60673 2020-06-25 წიგნი 707 ლ.